000 01092nam a22001937a 4500
999 _c62807
_d62807
003 Ge_BSU
005 20250226134655.0
008 250226s1988 ge ||||| |||| 00| 0 geo d
041 _ageo
080 _a61(038) დ-25
100 _aდგებუაძე, როენა
_924415
245 _aქართულ-რუსულ-ლათინური მოკლე სამედიცინო განმარტებითი ლექსიკონი = Краткий грузинско-русско-латинский медицинский толковый словарь /
_cრ. დგებუაძე, ა. აბესაძე; გ. გურგენიძის რედაქციით.
264 _aთბილისი :
_b განათლება,
_c1988.
300 _a328 გვ. ;
_b21 სმ.
504 _aბიბლიოგრ.: გვ. 326-327.
700 _aაბესაძე, ავთანდილ
_eავტორი
_924416
700 _aგურგენიძე, გ.
_eრედაქტორი
_92980
942 _2udc
_cBK